Teoría de la economía fiscal / (Registro nro. 7702)

Detalles MARC
000 -LEADER
fixed length control field 01532nam a2200241Ia 4500
003 - CONTROL NUMBER IDENTIFIER
control field OSt
005 - DATE AND TIME OF LATEST TRANSACTION
control field 20210511110851.0
008 - FIXED-LENGTH DATA ELEMENTS--GENERAL INFORMATION
fixed length control field 210310s1958 spaad gr 001 0 spa d
040 ## - CATALOGING SOURCE
Original cataloging agency CO-JMCR
Transcribing agency CO-JMCR
041 1# - LANGUAGE CODE
Language code of text/sound track or separate title spa
Language code of original eng
082 ## - DEWEY DECIMAL CLASSIFICATION NUMBER
Classification number 336.01 /
Item number R755t
Edition number 23
100 1# - MAIN ENTRY--PERSONAL NAME
Personal name Rolph, Earl Robert,
9 (RLIN) 15202
Relator term autor
245 10 - TITLE STATEMENT
Title Teoría de la economía fiscal /
Statement of responsibility, etc. Earl R. Rolph ; traducción del inglés por Eda María Bernácer
260 ## - PUBLICATION, DISTRIBUTION, ETC.
Place of publication, distribution, etc. Madrid :
Name of publisher, distributor, etc. Aguilar,
Date of publication, distribution, etc. 1958
300 ## - PHYSICAL DESCRIPTION
Extent xx, 449 páginas :
Other physical details ilustraciones y gráficas a blanco y negro ;
Dimensions 21 cm.
490 0# - SERIES STATEMENT
Series statement Biblioteca de Ciencias Sociales. Sección primera: Economía
500 ## - GENERAL NOTE
General note Incluye notas a pie de página e índices alfabético de autores y materias.<br/>Título original: The theory of fiscal economics
505 0# - FORMATTED CONTENTS NOTE
Formatted contents note Los fines públicos frente a los privados -- Los costes sociales del Estado -- El Estado y la contabilidad social -- Bases monetarias de la teoría fiscal -- Los impuestos de uso y consumo y los subsidios, en régimen de precios de competencia -- Impuestos y subsidios de uso y consumo con precios no de competencia -- Derechos de importación con cambios variables -- Derechos de importación con cambios fijos -- Los impuestos y el estímulo al trabajo -- Efectos de los impuestos sobre la capitalización y sobre los capitales -- Incertidumbre, impuestos y capitalización
546 ## - LANGUAGE NOTE
Language note Traducido del inglés.
650 14 - SUBJECT ADDED ENTRY--TOPICAL TERM
Topical term or geographic name entry element Economía fiscal
9 (RLIN) 15204
General subdivision Teorías
700 1# - ADDED ENTRY--PERSONAL NAME
Personal name Bernácer, Eda María,
Relator term traductora
9 (RLIN) 37539
942 ## - ADDED ENTRY ELEMENTS (KOHA)
Source of classification or shelving scheme Dewey Decimal Classification
Koha item type Books
Existencias
Withdrawn status Lost status Source of classification or shelving scheme Damaged status Not for loan Collection code Home library Current library Date acquired Source of acquisition Full call number Barcode Date last seen Copy number Koha item type
    Dewey Decimal Classification     Non-fiction Biblioteca Pública José María del Castillo y Rada Biblioteca Pública José María del Castillo y Rada 04/15/2018 Donación 336.01 / R755t 430003829 05/16/2024 Ej.1 Books